| 000 | 00503nam a2200169 i 4500 | ||
|---|---|---|---|
| 001 | 102224 | ||
| 003 | ES-MaACL | ||
| 005 | 20230906183051.0 | ||
| 007 | t| | ||
| 008 | 051107s1967 sp ||||1| spa d | ||
| 100 | 1 |
_aMendizábal, Federico de. _980208 |
|
| 245 | 1 | 0 |
_aPrimavera en el cielo / _cFederico de Mendizabal, Miguel López Muñiz. |
| 260 |
_aMadrid : _bGesta, _c1967. |
||
| 300 |
_a146 p., 3 h. ; _c17 cm. |
||
| 700 | 1 |
_aLópez Muñiz, Miguel. _973810 |
|
| 852 |
_aES-MaACL _jC-33903 _bR.64442 |
||
| 999 |
_c102224 _d102224 |
||